| 000 | 00955nam a2200241Ia 4500 | ||
|---|---|---|---|
| 003 | OSt | ||
| 005 | 20220923223511.0 | ||
| 006 | a|||||r|||| 00| 0 | ||
| 007 | ta | ||
| 008 | 220922b |||||||| |||| 00| 0 hin d | ||
| 024 | _a218,309 | ||
| 037 | _cTextual | ||
| 040 |
_aARTS _cARTS _bhin |
||
| 041 |
_2hin _ahin |
||
| 082 | _aV2:1944Q7.N, 152P3 | ||
| 100 |
_aशास्त्री, प्रकाशवीर; त्यागी, राजेन्द्र, संपा. _9167479 |
||
| 245 | 0 | _aकश्मीर और भारत -पाक संबंध | |
| 246 | _aKashmīr aur bhārat -pāk sanbandha | ||
| 260 |
_aदिल्ली _b शोध प्रकाशन अकादमी _c2003 |
||
| 300 |
_a280i` _ccm. |
||
| 942 |
_hV2:1944Q7.N, 152P3 _cTEXL _2CC |
||
| 999 |
_c365771 _d365771 |
||